Statistics for Guess the Mystery Country

Click here to take the quiz!

General Stats

  • This quiz has been taken 57 times
  • The average score is 7 of 8

Answer Stats

HintAnswer% Correct
Largest country in the worldRussia
100%
Country known for their pyramids and mummiesEgypt
98%
Country whose population overtook China's recentlyIndia
98%
Middle Eastern country with a tree on their flagLebanon
98%
Country where Mozart was bornAustria
92%
Southeast Asian country that borders East TimorIndonesia
90%
Benelux country that Quizmaster hatesBelgium
85%
MYSTERY COUNTRYLiberia
71%

Score Distribution

Percentile by Number Answered

Percent of People with Each Score

Your Score History

You have not taken this quiz